000 00454nam a2200205Ia 4500
001 110270
003 YMCAF
005 20230512162415.0
008 100717s2002 ||||||||||||||||| ||und|d
024 _a110270
035 _aWB1257
040 _aYMCAF
_beng
_cIN-KoLT
041 _aeng
082 _a005.276
_bPOW
100 _aPowell, Thomas
245 0 _aComplete reference Java script
260 _bTMH
_c2002
300 _a1079
942 _2ddc
_cBK
999 _c11808
_d11808